2017 MLB Playoff Lineups - Statistics

General Stats
  • This quiz has been taken 40 times
  • The average score is 63 of 127
Answer Stats
Hint Hint Answer % Correct
Houston Astros 2B Jose Altuve
94%
Cleveland Indians SS Francisco Lindor
89%
New York Yankees RF Aaron Judge
83%
Houston Astros 3B Alex Bregman
83%
Chicago Cubs 1B Anthony Rizzo
83%
Washington Nationals RF Bryce Harper
83%
Houston Astros SS Carlos Correa
83%
Los Angeles Dodgers SP Clayton Kershaw
83%
Boston Red Sox DH Hanley Ramirez
83%
Cleveland Indians 2B Jose Ramirez
83%
Boston Red Sox RF Mookie Betts
83%
Minnesota Twins CF Byron Buxton
78%
Chicago Cubs 2B Javier Baez
78%
Houston Astros SP Justin Verlander
78%
Chicago Cubs 3B Kris Bryant
78%
New York Yankees LF Brett Gardner
72%
Los Angeles Dodgers 1B Cody Bellinger
72%
Boston Red Sox 2B Dustin Pedroia
72%
Washington Nationals SP Gio Gonzalez
72%
Washington Nationals SP Max Scherzer
72%
Boston Red Sox 3B Rafael Devers
72%
Colorado Rockies RF Carlos Gonzalez
67%
Cleveland Indians 1B Carlos Santana
67%
Cleveland Indians SP Corey Kluber
67%
Los Angeles Dodgers SS Corey Seager
67%
Los Angeles Dodgers MGR Dave Roberts
67%
Minnesota Twins SP Ervin Santana
67%
New York Yankees C Gary Sanchez
67%
Houston Astros CF George Springer
67%
Los Angeles Dodgers 3B Justin Turner
67%
Arizona Diamondbacks SS Ketel Marte
67%
Houston Astros LF Marwin Gonzalez
67%
Colorado Rockies 3B Nolan Arenado
67%
Arizona Diamondbacks 1B Paul Goldschmidt
67%
Cleveland Indians MGR Terry Francona
67%
Washington Nationals SS Trea Turner
67%
Chicago Cubs C Willson Contreras
67%
Boston Red Sox SS Xander Bogaerts
67%
Houston Astros 1B Yuli Gurriel
67%
Chicago Cubs SS Addison Russell
61%
Los Angeles Dodgers C Austin Barnes
61%
Boston Red Sox SP Chris Sale
61%
Los Angeles Dodgers CF Chris Taylor
61%
New York Yankees SS Didi Gregorius
61%
Cleveland Indians CF Jason Kipnis
61%
Chicago Cubs SP Jon Lester
61%
Washington Nationals CF Michael A. Taylor
61%
Washington Nationals 1B Ryan Zimmerman
61%
Cleveland Indians SP Trevor Bauer
61%
Colorado Rockies SS Trevor Story
61%
New York Yankees CF Aaron Hicks
56%
Washington Nationals 3B Anthony Rendon
56%
Colorado Rockies MGR Bud Black
56%
Houston Astros SP Dallas Keuchel
56%
New York Yankees 1B Greg Bird
56%
Boston Red Sox CF Jackie Bradley Jr.
56%
Chicago Cubs SP Jake Arrieta
56%
Chicago Cubs MGR Joe Maddon
56%
Minnesota Twins SS Jorge Polanco
56%
Houston Astros RF Josh Reddick
56%
New York Yankees SP Masahiro Tanaka
56%
Minnesota Twins RF Max Kepler
56%
Cleveland Indians C Roberto Perez
56%
Washington Nationals SP Stephen Strasburg
56%
Arizona Diamondbacks SP Zack Greinke
56%
Houston Astros MGR A.J. Hinch
50%
Boston Red Sox LF Andrew Benintendi
50%
Minnesota Twins 2B Brian Dozier
50%
Cleveland Indians SP Carlos Carrasco
50%
New York Yankees SP C.C. Sabathia
50%
Colorado Rockies CF Charlie Blackmon
50%
Colorado Rockies 2B D.J. LeMahieu
50%
New York Yankees MGR Joe Girardi
50%
Minnesota Twins 1B Joe Mauer
50%
Chicago Cubs SP Kyle Hendricks
50%
New York Yankees SP Luis Severino
50%
Cleveland Indians DH Michael Brantley
50%
Boston Red Sox SP Rick Porcello
50%
New York Yankees 3B Todd Frazier
50%
Washington Nationals MGR Dusty Baker
44%
Washington Nationals LF Jayson Werth
44%
Arizona Diamondbacks RF J.D. Martinez
44%
Los Angeles Dodgers LF Kike Hernandez
44%
Los Angeles Dodgers RF Yasiel Puig
44%
Houston Astros C Brian McCann
39%
Houston Astros SP Charlie Morton
39%
Washington Nationals 2B Daniel Murphy
39%
Cleveland Indians 3B Gio Urshela
39%
Minnesota Twins C Jason Castro
39%
Boston Red Sox MGR John Farrell
39%
Houston Astros SP Lance McCullers Jr.
39%
Boston Red Sox 1B Mitch Moreland
39%
Boston Red Sox C Sandy Leon
39%
New York Yankees 2B Starlin Castro
39%
Los Angeles Dodgers SP Yu Darvish
39%
Chicago Cubs RF Ben Zobrist
33%
Arizona Diamondbacks SP Taijuan Walker
33%
Arizona Diamondbacks CF A.J. Pollock
28%
Arizona Diamondbacks LF David Peralta
28%
Minnesota Twins LF Eddie Rosario
28%
Houston Astros DH Evan Gattis
28%
Los Angeles Dodgers 2B Logan Forsythe
28%
Washington Nationals C Matt Wieters
28%
Minnesota Twins MGR Paul Molitor
28%
New York Yankees DH Chase Headley
22%
Boston Red Sox SP Doug Fister
22%
Minnesota Twins 3B Eduardo Escobar
22%
Arizona Diamondbacks 3B Jake Lamb
22%
Colorado Rockies SP Jon Gray
22%
Los Angeles Dodgers SP Rich Hill
22%
New York Yankees SP Sonny Gray
22%
Arizona Diamondbacks MGR Torey Lovullo
22%
Chicago Cubs CF Albert Almora
17%
Colorado Rockies C Jonathan Lucroy
17%
Chicago Cubs SP Jose Quintana
17%
Los Angeles Dodgers SP Alex Wood
11%
Cleveland Indians LF Austin Jackson
11%
Cleveland Indians RF Jay Bruce
11%
Arizona Diamondbacks SP Robbie Ray
11%
Houston Astros SP Brad Peacock
6%
Boston Red Sox SP Drew Pomeranz
6%
Colorado Rockies LF Gerardo Parra
6%
Chicago Cubs LF Jon Jay
6%
Colorado Rockies 1B Mark Reynolds
6%
Arizona Diamondbacks 2B Daniel Descalso
0%
Arizona Diamondbacks C Jeff Mathis
0%
Minnesota Twins DH Robbie Grossman
0%
No matching quizzes found
Score Distribution
Percent of People with Each Score
Percentile by Number Answered
Your Score History
You have not taken this quiz